Caprichos

Сохранить в:
Библиографические подробности
Главный автор: Gómez de la Serna, Ramón
Формат:
Язык:Undetermined
Опубликовано: Madrid, España Cuadernos Literarios 1925
Предметы:
Метки: Добавить метку
Нет меток, Требуется 1-ая метка записи!

MARC

LEADER 00000nam a2200000Ia 4500
008 170316s9999 xx 000 0 und d
040 |a cru BVZT 
090 |a 862 G-29ca 
100 |a Gómez de la Serna, Ramón 
245 |a Caprichos 
260 |a Madrid, España  |b Cuadernos Literarios  |c 1925 
300 |a 109 páginas 
650 |a LITERATURA ESPAÑOLA 
999 |c 9903  |d 9903 
942 |c 15 D  |h 862 G-29ca  |2 z